[Event "Montigny le Bretonneux Noel op 09th"]
[Site "Montigny le Bretonneux"]
[Date "2006.12.27"]
[Round "7"]
[White "Msellek, Ilyass"]
[Black "Blin, Samuel"]
[Result "1-0"]
[WhiteElo "1600"]
[BlackElo "1530"]
[PlyCount "70"]
[EventDate "2006.12.27"]
[EventType "swiss"]
[EventRounds "7"]
[EventCountry "FRA"]
[SourceTitle "CBM 116 Extra"]
[Source "ChessBase"]
[SourceDate "2007.03.07"]
[SourceVersion "1"]
[SourceVersionDate "2007.03.07"]
[SourceQuality "1"]

1. e4 e5 2. Nf3 Nc6 3. Bb5 a6 4. Ba4 Nf6 5. 0-0 Be7 6. Re1 b5 7. Bb3 d6 8. c3 0-0 9. d4 Bg4 10. d5 Na5 11. Bc2 c5 12. Nbd2 Qc7 13. b3 Nb7 14. Nf1 Qc8 15. Ne3 Bd7 16. h3 b4 17. Nc4 h6 18. Nb6 Qd8 19. Nxa8 Qxa8 20. c4 Qc8 21. Bb2 Nh7 22. a3 a5 23. a4 f5 24. Bxe5 dxe5 25. Nxe5 Bf6 26. Ng6 Bxa1 27. Ne7+ Kh8 28. Nxc8 Rxc8 29. Qxa1 fxe4 30. Bxe4 Nf8 31. Bg6 Nd6 32. Qe5 Ne8 33. Bf5 Rd8 34. Bxd7 Rxd7 35. Qb8 Kh7 1-0